Satelitné navádzanie a riadenie strojov

Bibliographic Details
Format: Article
Language:Slovak
ISSN:1336-9857
Subjects:

MARC

LEADER 00000nab a2200000 ar4500
001 vtls008959042
003 SK-MaSNL
005 20260303071033.0
008 070327c2007 xo mr|p|||||||000 b|slo
015 |a SNBRB2007/03  |2 snkbucl 
038 |a SNKBUCL 
040 |a SNKBUCL  |b slo  |c SNKBUCL  |e AACR2 
041 0 |a slo 
044 |a xo  |c SK 
080 |a 631.3:629.056.8  |2 2001 
080 |a 629.056.8  |2 2001 
245 0 0 |a Satelitné navádzanie a riadenie strojov 
610 2 7 |a John Deere  |2 snkbucl  |9 1069229 
650 0 7 |a presné hospodárenie  |2 snkbucl  |9 1069230 
650 0 7 |a poľnohospodárske stroje  |2 snkbucl  |9 3574 
650 0 7 |a satelitné navigačné systémy   |2 snkbucl  |9 51037 
650 0 7 |a GreenStar AutoTrac (satelitný navigačný systém)  |2 snkbucl  |9 1069231 
773 0 |t Revue priemyslu  |g Č. 2 (2007), s. [49]  |x 1336-9857 
852 |a SNK  |b KIS3GCP 
999 |c 1758028  |d 1759958